| 000 | 00429nam a2200145Ia 4500 | ||
|---|---|---|---|
| 003 | SISC | ||
| 005 | 20191118094813.0 | ||
| 008 | 180315s9999 xx 000 0 und d | ||
| 020 | _a9781118271421 | ||
| 100 | _aOrfanidou, Eleni | ||
| 245 |
_aResearch methods in sign language studies : _ba practical guide _cEdited by: Orfanidou, Eleni. |
||
| 260 |
_aUK : _b2015 _cJohn Wiley & Sons |
||
| 300 | _axii, 371 pages | ||
| 942 |
_2lcc _cBK |
||
| 999 |
_c356332 _d356332 |
||